| 000 | 00536nam a22001937a 4500 | ||
|---|---|---|---|
| 003 | OSt | ||
| 005 | 20170324183926.0 | ||
| 008 | 170324b xxu||||| |||| 00| 0 eng d | ||
| 020 | _a0486450368 | ||
| 040 | _cDDC. | ||
| 082 | _a539.7KEL 2006. | ||
| 100 |
_aKeller ,Alex; _911963 |
||
| 245 | _aThe Infancy of Atomic Physics: Hercules in the Cradle; | ||
| 260 |
_aNew york; _bDover Publication,inc; _c2006. |
||
| 300 |
_a230p; _bill: _c20cm. |
||
| 504 | _aincludes bibliography and index. | ||
| 650 |
_aPhysics. _9809 |
||
| 942 |
_2z _cO_SHELF |
||
| 999 |
_c5749 _d5749 |
||